'Doctor Who' S1 Netflix Synopses Quiz Stats

 Plays Quiz not verified by Sporcle

Score 0/13 Timer 03:00
0 Plays Today
% Correct
Rose
89.5%
The End of the World
88.7%
Father's Day
88.7%
The Unquiet Dead
87.9%
The Empty Child
86.9%
Aliens of London
86.4%
Dalek
84.5%
The Long Game
77.2%
Boom Town
73.5%
The Doctor Dances
70.6%
The Parting of the Ways
68.5%
World War Three
67.2%
Bad Wolf
65.6%

You're not logged in!

Compare scores with friends on all Sporcle quizzes.
OR
Log In

Sporcle TV

Today on Sporcle TV


Watch our educational content, quiz creation guides, and fun videos on Sporcle TV.

Show Comments

Extras

Top Quizzes Today


Score Distribution

Your Account Isn't Verified!

In order to create a playlist on Sporcle, you need to verify the email address you used during registration. Go to your Sporcle Settings to finish the process.

Report this User

Report this user for behavior that violates our Community Guidelines.

Details: